Covert Java: techniques for decompiling, patching, and reverse engineering (Record no. 5980)

000 -LEADER
fixed length control field 00518 a2200157 4500
020 ## - INTERNATIONAL STANDARD BOOK NUMBER
International Standard Book Number 812970708
040 ## - CATALOGING SOURCE
Original cataloging agency DLC
Language of cataloging DLC
082 ## - DEWEY DECIMAL CLASSIFICATION NUMBER
Classification number 005.133
100 ## - MAIN ENTRY--PERSONAL NAME
Personal name Kalinovsky,Alex
245 ## - TITLE STATEMENT
Title Covert Java: techniques for decompiling, patching, and reverse engineering
Statement of responsibility, etc. Alex, Kalinovsky
260 ## - PUBLICATION, DISTRIBUTION, ETC.
Place of publication, distribution, etc. Indianapolis, Ind. :
Name of publisher, distributor, etc. Sams,
Date of publication, distribution, etc. c2004.
300 ## - PHYSICAL DESCRIPTION
Extent x, 268 p. :
Other physical details ill. ;
Dimensions 24 cm.
500 ## - GENERAL NOTE
General note Includes bibliographical references and index
650 ## - SUBJECT ADDED ENTRY--TOPICAL TERM
Topical term or geographic name entry element Java(Computer Program Language)
942 ## - ADDED ENTRY ELEMENTS (KOHA)
Koha item type Book
Call number prefix 005.133 KAL
Source of classification or shelving scheme
Holdings
Withdrawn status Lost status Damaged status Not for loan Collection code Permanent Location Current Location Shelving location Date acquired Source of acquisition Cost, normal purchase price Total Checkouts Full call number Barcode Date last seen Price effective from Koha item type
          Central Library (CL) Central Library (CL) First Floor - Software Engineering/ Programming Language 03/02/2005 Pak Book Corporation 202.50   005.133 KAL SEECS005347 11/14/2012 01/05/2017 Book
© 2023 Central Library, National University of Sciences and Technology. All Rights Reserved.